[Event "LIX C.to Torinese Assoluto Finale"]
[Site "SST"]
[Date "2014.11.24"]
[Round "4"]
[White "Barletta, Mauro"]
[Black "Fassio, Luca"]
[WhiteElo "2186"]
[BlackElo "2088"]
[Result "1-0"]
[PlyCount "67"]
[EventDate "2014.11.03"]

1. d4 g6 2. h4 h5 3. e4 c6 4. Nc3 d5 5. Nf3 Bg4 6. Be2 Bxf3 7. Bxf3 e6 8. Bg5
Be7 9. Qd2 Nd7 10. Rh3 Nb6 11. exd5 cxd5 12. Be2 a6 13. Kf1 Nf6 14. Re1 Qc7 15.
Bd3 O-O 16. Rg3 Ng4 17. Bxe7 Qxe7 18. Qg5 Rae8 19. f3 Qxg5 20. hxg5 f5 21. fxg4
fxg4+ 22. Kg1 Kg7 23. Rge3 e5 24. Rxe5 Rxe5 25. Rxe5 Rf4 26. Ne2 Rf8 27. Re6
Nc4 28. Rxg6+ Kh8 29. Rh6+ Kg7 30. Ng3 Ne3 31. Nxh5+ Kg8 32. Bh7+ Kh8 33. Bf5+
Kg8 34. Be6+ 1-0

[Event "LIX C.to Torinese Assoluto Finale"]
[Site "SST"]
[Date "2014.11.24"]
[Round "4"]
[White "Davi, Alessandro"]
[Black "Bringas Osuna, Ivan Jarek"]
[WhiteElo "2118"]
[BlackElo "2140"]
[Result "0-1"]
[PlyCount "134"]
[EventDate "2014.11.03"]

1. d4 Nf6 2. Nf3 g6 3. c4 Bg7 4. Nc3 O-O 5. e3 d6 6. Be2 Nbd7 7. O-O c6 8. Qc2
e5 9. b3 Re8 10. Rd1 exd4 11. Nxd4 Nc5 12. Bb2 Nfe4 13. Nxe4 Nxe4 14. Nf3 Bf5
15. Bxg7 Kxg7 16. Qb2+ Qf6 17. Qxf6+ Kxf6 18. Rac1 Rad8 19. Nd4 Bc8 20. h4 h5
21. Bf3 Bg4 22. Ne2 g5 23. Bxe4 Bxe2 24. hxg5+ Kxg5 25. Rd4 Bg4 26. f3 Bf5 27.
Bxf5 Kxf5 28. Kf2 Kg6 29. Rcd1 Re6 30. e4 f5 31. e5 Rxe5 32. Rxd6+ Rxd6 33.
Rxd6+ Kf7 34. Rh6 Ra5 35. a4 b5 36. Rxc6 bxa4 37. b4 a3 38. bxa5 a2 39. Rc7+
Ke8 40. Rxa7 a1=Q 41. Rh7 Qxa5 42. Rxh5 Qd2+ 43. Kg3 Qd6+ 44. Kh3 Qg6 45. Rh4
Ke7 46. g3 Qe6 47. Rf4 Qe5 48. c5 Ke6 49. c6 Kd6 50. Kh4 Kxc6 51. Kg5 Qg7+ 52.
Kxf5 Qxg3 53. Ke4 Kd6 54. Rg4 Qe1+ 55. Kd3 Qf2 56. Rd4+ Kc5 57. Rf4 Kd5 58.
Rf5+ Ke6 59. Rf8 Qf1+ 60. Ke3 Qe1+ 61. Kd3 Qb1+ 62. Ke2 Qb2+ 63. Kf1 Ke7 64.
Ra8 Qb7 65. Rh8 Qxf3+ 66. Kg1 Qd1+ 67. Kg2 Qc2+ 0-1

[Event "LIX C.to Torinese Assoluto Finale"]
[Site "SST"]
[Date "2014.11.24"]
[Round "4"]
[White "Melone, Antonio"]
[Black "Gallucci, Alessio"]
[WhiteElo "2107"]
[BlackElo "2178"]
[Result "0-1"]
[PlyCount "156"]
[EventDate "2014.11.03"]

1. d4 Nf6 2. c4 e6 3. Nc3 Bb4 4. a3 Bxc3+ 5. bxc3 d6 6. Qc2 Nbd7 7. e4 e5 8.
Bd3 O-O 9. Ne2 Kh8 10. O-O Ng8 11. f4 f6 12. f5 g5 13. fxg6 hxg6 14. Rf3 Rf7
15. Be3 b6 16. c5 Bb7 17. Rh3+ Rh7 18. Rxh7+ Kxh7 19. Rb1 dxc5 20. dxc5 Qe7 21.
Ng3 Nxc5 22. Bc4 Rd8 23. Rd1 Rxd1+ 24. Qxd1 Nxe4 25. Nxe4 Bxe4 26. Qa4 f5 27.
Qxa7 Qd6 28. Qa4 Nf6 29. Be2 Nd5 30. Bd2 Nxc3 31. Bxc3 Qc5+ 32. Kf1 Qxc3 33.
Qe8 Qc1+ 34. Kf2 Qc5+ 35. Kf1 Qc1+ 36. Kf2 Qc5+ 37. Kf1 Bd5 38. h4 Qc1+ 39. Kf2
Qc5+ 40. Kf1 Qc1+ 41. Kf2 Qf4+ 42. Kg1 Qe3+ 43. Kh2 Qxe2 44. Qd7+ Kh6 45. Qxd5
Qe4 46. Qd8 Qf4+ 47. Kh1 Qc1+ 48. Kh2 Kh5 49. Qf6 g5 50. Qf7+ Kg4 51. h5 e4 52.
h6 Qf4+ 53. Kg1 Qc1+ 54. Kh2 Qf4+ 55. Kg1 Kg3 56. Qb3+ e3 57. Qc2 Qh4 58. Qxc7+
f4 59. Qc6 Qh2+ 60. Kf1 g4 61. a4 Qh1+ 62. Ke2 Qb1 63. Qd5 Qc2+ 64. Ke1 Qb1+
65. Qd1 Qxd1+ 66. Kxd1 Kf2 67. h7 e2+ 68. Kc2 e1=Q 69. h8=Q Qe2+ 70. Kb1 Qd1+
71. Kb2 Qd2+ 72. Kb1 Qb4+ 73. Kc1 Kxg2 74. Qg8 f3 75. Qe6 Qf4+ 76. Kc2 Qxa4+
77. Kd2 Qf4+ 78. Kd3 f2 0-1

[Event "LIX C.to Torinese Assoluto Finale"]
[Site "SST"]
[Date "2014.11.24"]
[Round "4"]
[White "Pepino, Enrico"]
[Black "Yao, Stefano"]
[WhiteElo "2141"]
[BlackElo "2178"]
[Result "0-1"]
[PlyCount "78"]
[EventDate "2014.11.03"]

1. e4 c5 2. Nf3 d6 3. d4 cxd4 4. Nxd4 Nf6 5. Nc3 Nc6 6. g3 Bg4 7. Nxc6 bxc6 8.
f3 Bd7 9. Bc4 e6 10. Qe2 Be7 11. e5 dxe5 12. Qxe5 O-O 13. Bd2 Nd5 14. O-O-O Bf6
15. Qe1 Rb8 16. Bb3 c5 17. Bxd5 exd5 18. Bf4 Rb7 19. Rxd5 Qb6 20. b3 Qb4 21.
Nb1 Qb5 22. Nc3 Qa6 23. Be5 Re8 24. f4 Bc6 25. Qd2 Bxd5 26. Qxd5 Bxe5 27. fxe5
c4 28. Rd1 cxb3 29. cxb3 Rbe7 30. Kb2 h6 31. Re1 Qe6 32. Qf3 Rd7 33. Re2 Red8
34. Qf4 Rd4 35. Qf3 Rd3 36. Qf2 Rc8 37. Nb5 Rd5 38. Nd6 Rxe5 39. Rd2 Rd8 0-1

[Event "LIX C.to Torinese Assoluto Finale"]
[Site "SST"]
[Date "2014.12.01"]
[Round "5"]
[White "Bringas Osuna, Ivan Jarek"]
[Black "Melone, Antonio"]
[WhiteElo "2140"]
[BlackElo "2107"]
[Result "0-1"]
[PlyCount "80"]
[EventDate "2014.11.03"]

1. d4 Nf6 2. c4 c5 3. d5 e6 4. Nc3 exd5 5. cxd5 d6 6. Nf3 g6 7. Nd2 Bg7 8. Nc4
O-O 9. Bf4 Ne8 10. Qd2 b6 11. e3 Ba6 12. a4 Qe7 13. Nb5 Bxb5 14. axb5 Nd7 15.
Be2 g5 16. Bg3 f5 17. O-O f4 18. exf4 gxf4 19. Bxf4 Rxf4 20. Qxf4 Qxe2 21. Rfe1
Qh5 22. Re7 Ne5 23. g4 Nxg4 24. f3 Ne5 25. Nxb6 Nxf3+ 26. Kg2 Nh4+ 27. Kf1 Rb8
28. Nd7 Rd8 29. Rae1 Nf5 30. R1e2 Nxe7 31. Rxe7 Qd1+ 32. Kf2 Qd4+ 33. Kf3 Qxf4+
34. Kxf4 Bxb2 35. Kf5 c4 36. b6 axb6 37. Nxb6 c3 38. Re2 Ng7+ 39. Kg5 Bc1+ 40.
Kf6 Rf8+ 0-1

[Event "LIX C.to Torinese Assoluto Finale"]
[Site "SST"]
[Date "2014.12.01"]
[Round "5"]
[White "Fassio, Luca"]
[Black "Pepino, Enrico"]
[WhiteElo "2088"]
[BlackElo "2141"]
[Result "0-1"]
[PlyCount "118"]
[EventDate "2014.11.03"]

1. e4 d6 2. d4 Nf6 3. Bd3 g6 4. Nf3 Bg7 5. c3 O-O 6. O-O Nc6 7. Re1 e5 8. h3
Re8 9. Na3 h6 10. Nc2 Bd7 11. a4 a5 12. dxe5 Nxe5 13. Nxe5 dxe5 14. Be3 Be6 15.
Na3 Qe7 16. Qc2 Nh5 17. Bc4 Bc8 18. Qb3 Nf4 19. Rad1 c6 20. Rd2 Rf8 21. Red1
Qg5 22. Bxf4 exf4 23. Kh1 f3 24. Bf1 fxg2+ 25. Bxg2 Qh4 26. c4 Be5 27. c5 Bf4
28. Re2 Bg4 29. Rde1 Bxe2 30. Rxe2 Rad8 31. Nc4 Qe7 32. Nd6 Bxd6 33. cxd6 Qxd6
34. Re1 Qb4 35. Qe3 Qd2 36. b3 Qxe3 37. Rxe3 Rd2 38. Kg1 Rfd8 39. Bf1 Kg7 40.
Bc4 R8d7 41. e5 Re7 42. Kg2 b5 43. axb5 cxb5 44. Bxb5 Rd5 45. Bc4 Rdxe5 46. Rd3
h5 47. Rd6 Ra7 48. Rd8 a4 49. bxa4 Rxa4 50. Rc8 Rg5+ 51. Kh2 Rb4 52. Rc7 Rf5
53. Kg3 h4+ 54. Kg4 Rxf2 55. Kg5 Rf5+ 56. Kg4 Rb1 57. Kxh4 Rg1 58. Be2 Rh5+ 59.
Bxh5 g5# 0-1

[Event "LIX C.to Torinese Assoluto Finale"]
[Site "SST"]
[Date "2014.12.01"]
[Round "5"]
[White "Gallucci, Alessio"]
[Black "Barletta, Mauro"]
[WhiteElo "2178"]
[BlackElo "2186"]
[Result "0-1"]
[PlyCount "72"]
[EventDate "2014.11.03"]

1. d4 e6 2. f3 d5 3. Nh3 e5 4. g3 exd4 5. Qxd4 Nc6 6. Qa4 Nf6 7. Bg5 h6 8. Bf4
Bc5 9. Nc3 g5 10. Nxg5 hxg5 11. Bxg5 d4 12. O-O-O Bd7 13. Qb5 Be7 14. h4 a6 15.
Qc4 Be6 16. Qd3 dxc3 17. Qxc3 Qxd1+ 18. Kxd1 O-O-O+ 19. Ke1 Nd4 20. a3 Ne4 21.
fxe4 Bxg5 22. Bh3 Bf6 23. Kf2 Be5 24. Qc5 Nc6 25. c3 Rhg8 26. Bxe6+ fxe6 27.
Rh3 Rdf8+ 28. Kg2 Bd6 29. Qe3 Ne5 30. Qa7 Ng4 31. h5 b6 32. Qxa6+ Kb8 33. h6
Ne3+ 34. Kg1 Rf1+ 35. Kh2 Rgf8 36. Qd3 R8f2# 0-1

[Event "LIX C.to Torinese Assoluto Finale"]
[Site "SST"]
[Date "2014.12.01"]
[Round "5"]
[White "Yao, Stefano"]
[Black "Davi, Alessandro"]
[WhiteElo "2178"]
[BlackElo "2118"]
[Result "1/2-1/2"]
[PlyCount "45"]
[EventDate "2014.11.03"]

1. e4 d5 2. exd5 Qxd5 3. Nc3 Qd6 4. d4 c6 5. Nf3 Bg4 6. Be2 Nf6 7. O-O e6 8. h3
Bxf3 9. Bxf3 Nbd7 10. a4 a5 11. Re1 Be7 12. b3 Qc7 13. Bb2 O-O 14. Ne4 Nxe4 15.
Bxe4 Nf6 16. Qf3 Rfd8 17. Bd3 Rd7 18. g3 Rad8 19. Kg2 b6 20. Re2 Nd5 21. Qe4
Nf6 22. Qf3 Nd5 23. Qe4 1/2-1/2

[Event "LIX C.to Torinese Assoluto Finale"]
[Site "SST"]
[Date "2014.12.05"]
[Round "6"]
[White "Barletta, Mauro"]
[Black "Bringas Osuna, Ivan Jarek"]
[WhiteElo "2186"]
[BlackElo "2140"]
[Result "0-1"]
[PlyCount "78"]
[EventDate "2014.11.03"]

1. d4 Nf6 2. Bg5 Ne4 3. h4 c5 4. d5 d6 5. Nd2 Qa5 6. c3 Nxd2 7. Qxd2 Bf5 8. f3
h6 9. Bf4 Nd7 10. e4 Bh7 11. a4 a6 12. Ra3 Ne5 13. Bxe5 dxe5 14. Bc4 f5 15. f4
fxe4 16. fxe5 Qc7 17. Qf4 O-O-O 18. Ne2 Kb8 19. e6 Qxf4 20. Nxf4 g6 21. O-O g5
22. hxg5 hxg5 23. Nh3 g4 24. Ng5 Bg6 25. Nf7 Bxf7 26. Rxf7 g3 27. Ra1 Bh6 28.
Re1 Bg5 29. a5 Rh4 30. Kf1 e3 31. b3 Rh2 32. Rf5 Bh6 33. Bd3 e2+ 34. Kxe2 Rxg2+
35. Kf3 Rd2 36. Be2 Rg8 37. Rg1 Rc2 38. Bd3 Rf2+ 39. Ke4 Rg4+ 0-1

[Event "LIX C.to Torinese Assoluto Finale"]
[Site "SST"]
[Date "2014.12.05"]
[Round "6"]
[White "Davi, Alessandro"]
[Black "Melone, Antonio"]
[WhiteElo "2118"]
[BlackElo "2107"]
[Result "1-0"]
[PlyCount "47"]
[EventDate "2014.11.03"]

1. d4 Nf6 2. c4 c5 3. d5 e6 4. Nc3 exd5 5. cxd5 d6 6. Nf3 g6 7. Bf4 Bg7 8. Qa4+
Bd7 9. Qb3 Qc7 10. h3 O-O 11. e3 Re8 12. Nd2 Nh5 13. Bh2 f5 14. Be2 f4 15. Bxh5
fxe3 16. fxe3 gxh5 17. O-O Rxe3 18. Nc4 Rd3 19. Rae1 Bxc3 20. bxc3 b5 21. Nxd6
c4 22. Qa3 Rxd5 23. Rf8+ Kg7 24. Ne8+ 1-0

[Event "LIX C.to Torinese Assoluto Finale"]
[Site "SST"]
[Date "2014.12.05"]
[Round "6"]
[White "Pepino, Enrico"]
[Black "Gallucci, Alessio"]
[WhiteElo "2141"]
[BlackElo "2178"]
[Result "1-0"]
[PlyCount "119"]
[EventDate "2014.11.03"]

1. e4 c5 2. Nf3 d6 3. d4 cxd4 4. Nxd4 Nf6 5. Nc3 Bd7 6. Bc4 Nc6 7. O-O e6 8.
Bb3 Be7 9. Ndb5 Qb8 10. Bf4 e5 11. Bg5 a6 12. Bxf6 gxf6 13. Na3 b5 14. Nd5 Be6
15. c3 Na5 16. Nc2 f5 17. exf5 Bxf5 18. Nce3 Bg6 19. Qf3 Nxb3 20. axb3 Bd8 21.
Nf6+ Bxf6 22. Qxf6 O-O 23. Rfd1 Qd8 24. Qxd6 Qg5 25. h4 Qxh4 26. Qxe5 Rfe8 27.
Qh2 Qe4 28. Rd4 Qe6 29. Qf4 Qxb3 30. Nd5 Re2 31. Rad1 Qc2 32. Nf6+ Kg7 33. Ng4
Qf5 34. Qh6+ Kg8 35. Rf4 Qe6 36. Rdd4 Kh8 37. Rf6 Qe7 38. Qf4 Rf8 39. b4 Re1+
40. Kh2 Rc8 41. Nh6 Re5 42. g4 Kg7 43. Nxf7 Qxf6 44. Nxe5 Qxf4+ 45. Rxf4 Rxc3
46. Rd4 Rb3 47. f4 Bb1 48. g5 Bf5 49. Nc6 Rh3+ 50. Kg2 Rc3 51. Ne5 Rc2+ 52. Kf3
Rc3+ 53. Ke2 Rb3 54. Nc6 Bg4+ 55. Kd2 Kg6 56. Kc2 Ra3 57. Kb2 Ra4 58. Ne7+ Kh5
59. Nd5 Be6 60. Nc3 1-0

[Event "LIX C.to Torinese Assoluto Finale"]
[Site "SST"]
[Date "2014.12.05"]
[Round "6"]
[White "Yao, Stefano"]
[Black "Fassio, Luca"]
[WhiteElo "2178"]
[BlackElo "2088"]
[Result "1-0"]
[PlyCount "61"]
[EventDate "2014.11.03"]

1. d4 g6 2. Nf3 Bg7 3. g3 d5 4. c4 c6 5. cxd5 cxd5 6. Bg2 Nf6 7. O-O O-O 8. Nc3
Nc6 9. Ne5 Be6 10. e3 Qc8 11. Re1 Rd8 12. Qa4 Nxe5 13. dxe5 Nd7 14. f4 Nb6 15.
Qb4 Qd7 16. a4 Rac8 17. a5 Na8 18. Rd1 Rc4 19. Qxc4 dxc4 20. Rxd7 Rxd7 21. a6
bxa6 22. Bxa8 f6 23. Rxa6 Kf7 24. e4 fxe5 25. f5 gxf5 26. exf5 Bxf5 27. Be3 Rd3
28. Kf2 e4 29. Bd5+ e6 30. Bxc4 Rd8 31. Rxa7+ 1-0

[Event "LIX C.to Torinese Assoluto Finale"]
[Site "SST"]
[Date "2014.12.07"]
[Round "7"]
[White "Bringas Osuna, Ivan Jarek"]
[Black "Pepino, Enrico"]
[WhiteElo "2140"]
[BlackElo "2141"]
[Result "0-1"]
[PlyCount "88"]
[EventDate "2014.11.03"]

1. d4 d5 2. c4 e6 3. Nc3 Nf6 4. cxd5 exd5 5. Bg5 Be7 6. e3 c6 7. Qc2 O-O 8. Bd3
Nbd7 9. Nf3 Re8 10. O-O Nf8 11. Rab1 Bg4 12. Ne5 Bh5 13. b4 a6 14. a4 Bg6 15.
b5 axb5 16. axb5 c5 17. dxc5 Bxc5 18. Nxg6 hxg6 19. Bxf6 gxf6 20. Ne2 Rc8 21.
Qb2 Qe7 22. Rfd1 Red8 23. Ra1 Qe5 24. Qb3 Ne6 25. Ra4 Kg7 26. Bb1 d4 27. Nxd4
Bxd4 28. exd4 Nxd4 29. Raxd4 Rxd4 30. Rf1 Qd5 31. Qe3 Rd1 32. Be4 Rxf1+ 33.
Kxf1 Qxb5+ 34. Kg1 Qc5 35. Kf1 Qxe3 36. fxe3 b5 37. Ke2 f5 38. Bd5 Kf6 39. h3
Rc7 40. Bb3 Ke5 41. g3 b4 42. g4 f6 43. gxf5 Kxf5 44. Kd2 g5 0-1

[Event "LIX C.to Torinese Assoluto Finale"]
[Site "SST"]
[Date "2014.12.07"]
[Round "7"]
[White "Fassio, Luca"]
[Black "Davi, Alessandro"]
[WhiteElo "2088"]
[BlackElo "2118"]
[Result "0-1"]
[PlyCount "128"]
[EventDate "2014.11.03"]

1. e4 d5 2. exd5 Qxd5 3. Nc3 Qd6 4. d4 c6 5. Nf3 Bg4 6. Be2 Nf6 7. O-O e6 8. a3
Nbd7 9. b4 Rc8 10. Be3 Qb8 11. Na4 Bd6 12. h3 Bf5 13. c4 h6 14. Qb3 O-O 15.
Rfd1 b6 16. Nc3 Rfe8 17. Rac1 Bf4 18. Bf1 Bd6 19. d5 exd5 20. cxd5 c5 21. Nb5
Be4 22. Ne1 Bf4 23. Bxf4 Qxf4 24. Nxa7 Ra8 25. Nb5 Bxd5 26. Qg3 Qxg3 27. fxg3
Re3 28. Nc7 Rae8 29. Nxe8 Rxe8 30. Bb5 Re7 31. Nd3 Ne4 32. Kh2 Bb7 33. Nf4 Ndf6
34. Rd8+ Kh7 35. Bd3 g5 36. Bxe4+ Rxe4 37. Rb8 Re7 38. Nd3 Be4 39. Nf2 Re6 40.
bxc5 bxc5 41. Rxc5 Ra6 42. Rb4 Ba8 43. a4 Re6 44. Rb2 Nd5 45. a5 Ne3 46. Nd3
Rd6 47. Rb3 Nf1+ 48. Kg1 Nxg3 49. Nf2 Ne2+ 50. Kh2 Nf4 51. g3 Ne2 52. Rb2 Nd4
53. g4 Re6 54. Rc3 Re1 55. a6 Nf3+ 56. Rxf3 Bxf3 57. Ra2 Re8 58. a7 Kg6 59. Nd3
f6 60. Nc5 h5 61. Kg3 Bd5 62. gxh5+ Kxh5 63. Ra6 Re2 64. h4 Rg2+ 0-1

[Event "LIX C.to Torinese Assoluto Finale"]
[Site "SST"]
[Date "2014.12.07"]
[Round "7"]
[White "Gallucci, Alessio"]
[Black "Yao, Stefano"]
[WhiteElo "2178"]
[BlackElo "2178"]
[Result "0-1"]
[PlyCount "108"]
[EventDate "2014.11.03"]

1. e4 c5 2. Nf3 d6 3. d4 cxd4 4. Nxd4 Nf6 5. Nc3 Nc6 6. Bg5 e6 7. Qd2 a6 8.
O-O-O Bd7 9. Kb1 b5 10. f3 Be7 11. h4 h6 12. Be3 h5 13. Nce2 Ne5 14. Qe1 Nc4
15. Bc1 Qc7 16. g4 hxg4 17. fxg4 Nxg4 18. Qg3 Nf6 19. Bg2 Ne5 20. Nf4 O-O-O 21.
Qa3 Qb6 22. b3 Kb8 23. Be3 Qb7 24. Nd3 Nxd3 25. cxd3 Rc8 26. Nc2 Ng4 27. Bg1
Rc7 28. Nb4 Bc8 29. Rc1 Rxc1+ 30. Qxc1 Bd7 31. Qa3 Bc8 32. Rh3 Rxh4 33. Rg3 Bd8
34. Qc1 Bd7 35. d4 a5 36. Nd3 Qc7 37. Qf1 Be8 38. Nf4 g5 39. Nd3 Nf6 40. e5 Nh5
41. Rh3 Rxh3 42. Bxh3 Nf4 43. Bh2 dxe5 44. Nxe5 f6 45. Nd3 Bg6 46. Bxf4 gxf4
47. Kb2 Qd6 48. Kc1 Bb6 49. Nxf4 Qc6+ 50. Kd1 Qc2+ 51. Ke1 Qb1+ 52. Ke2 Qxa2+
53. Kf3 Qxb3+ 54. Kg2 Be4+ 0-1

[Event "LIX C.to Torinese Assoluto Finale"]
[Site "SST"]
[Date "2014.12.07"]
[Round "7"]
[White "Melone, Antonio"]
[Black "Barletta, Mauro"]
[WhiteElo "2107"]
[BlackElo "2186"]
[Result "1-0"]
[PlyCount "85"]
[EventDate "2014.11.03"]

1. d4 e6 2. c4 f5 3. Nc3 Nf6 4. Nf3 Be7 5. Qc2 d5 6. Bf4 c6 7. e3 Nbd7 8. Bd3
Ne4 9. h3 Ndf6 10. O-O-O Qa5 11. Bxe4 Nxe4 12. Nd2 Nxc3 13. bxc3 Ba3+ 14. Kb1
b5 15. c5 Ba6 16. g4 O-O 17. f3 b4 18. c4 b3 19. Nxb3 Qa4 20. cxd5 exd5 21.
gxf5 Qc4 22. e4 Qxc2+ 23. Kxc2 Be2 24. Rd3 Bxd3+ 25. Kxd3 a5 26. Na1 Bb2 27.
Nc2 a4 28. Nb4 Rac8 29. Bd6 dxe4+ 30. fxe4 Rf7 31. Kc4 Re8 32. Be5 Rc8 33. Rg1
Kf8 34. Bd6+ Ke8 35. Nd3 a3 36. Re1 Ra8 37. Nb4 Rc8 38. d5 cxd5+ 39. exd5+ Kd7
40. Re6 Rxf5 41. Re7+ Kd8 42. Nc6+ Rxc6 43. dxc6 1-0

[Event "Torneo A"]
[Site "Locri ITA"]
[Date "2014.04.16"]
[Round "1"]
[White "Bentivegna, Francesco"]
[Black "Iannello, Antonio"]
[WhiteElo "2282"]
[BlackElo "1888"]
[Result "1-0"]
[PlyCount "97"]
[EventDate "2014.04.16"]

1. d4 Nf6 2. Bg5 g6 3. Bxf6 exf6 4. c4 Bg7 5. Nc3 f5 6. e3 O-O 7. Nge2 d6 8. g3
Nd7 9. Bg2 Nf6 10. O-O Re8 11. Qd3 c6 12. b4 Qc7 13. a4 Bd7 14. b5 Re7 15. a5
Rae8 16. a6 b6 17. Nf4 Rc8 18. Rfc1 Qd8 19. bxc6 Bxc6 20. Bxc6 Rxc6 21. Nfd5
Re8 22. Nxf6+ Bxf6 23. Nd5 Bg7 24. Rc2 Qd7 25. Rac1 Rcc8 26. Qb3 Rb8 27. Qb5
Red8 28. Nb4 Rbc8 29. Nd5 h6 30. Qxd7 Rxd7 31. Kf1 f6 32. Ke2 g5 33. Kd3 Kf7
34. f4 Bf8 35. Rf1 Kg6 36. Rb2 Rb8 37. Rb5 Bg7 38. Nc3 Rf8 39. Nd5 Re8 40. Rf2
Rc8 41. fxg5 fxg5 42. Rxf5 Re8 43. g4 Rf7 44. Rxf7 Kxf7 45. Nc7 Rc8 46. Rf5+
Ke7 47. Nb5 Ke6 48. d5+ Ke7 49. Rf7+ 1-0

[Event "Torneo A"]
[Site "Locri ITA"]
[Date "2014.04.16"]
[Round "1"]
[White "Carbone, Stefano"]
[Black "Valotta, Massimiliano"]
[WhiteElo "2085"]
[BlackElo "1849"]
[Result "1-0"]
[PlyCount "99"]
[EventDate "2014.04.16"]

1. Nf3 d6 2. d4 g6 3. g3 Bg7 4. Bg2 Nf6 5. O-O O-O 6. c4 c6 7. Nc3 Nbd7 8. h3
h6 9. e4 e5 10. Be3 a6 11. Qc2 Qe7 12. Rad1 Re8 13. Rfe1 Nf8 14. dxe5 dxe5 15.
c5 N6d7 16. Na4 Ne6 17. b4 a5 18. a3 axb4 19. axb4 f5 20. exf5 gxf5 21. Nb2 e4
22. Nd4 Nxd4 23. Bxd4 Ne5 24. Qc3 Qc7 25. Nc4 Nxc4 26. Qxc4+ Be6 27. Qc3 Bd5
28. h4 Ra2 29. Bh3 Bxd4 30. Qxd4 Qf7 31. Qe3 Qg6 32. Qf4 Rf8 33. Ra1 Bc4 34.
Rxa2 Bxa2 35. Rd1 Bd5 36. b5 Kg7 37. b6 Qe6 38. Ra1 Bc4 39. Ra4 Qd5 40. Qc1 Bb5
41. Qc3+ Kg6 42. Rd4 Qa2 43. Rd6+ Kh7 44. Rd7+ Rf7 45. Bxf5+ Kg8 46. Rd8+ Rf8
47. Rxf8+ Kxf8 48. Qf6+ Ke8 49. Bg6+ Kd7 50. Qd6+ 1-0

[Event "Torneo A"]
[Site "Locri ITA"]
[Date "2014.04.16"]
[Round "1"]
[White "Cordi', Domenico"]
[Black "Lazic, Miroljub"]
[WhiteElo "1993"]
[BlackElo "2466"]
[Result "0-1"]
[PlyCount "54"]
[EventDate "2014.04.16"]

1. d4 d5 2. Nf3 c6 3. c4 e6 4. e3 Nf6 5. Nc3 Nbd7 6. Bd3 dxc4 7. Bxc4 b5 8. Bd3
a6 9. O-O c5 10. a4 b4 11. Ne4 Bb7 12. Nxf6+ Qxf6 13. Be2 Rd8 14. b3 cxd4 15.
exd4 h6 16. Be3 Bd6 17. Nd2 O-O 18. Bf3 Bd5 19. Qe2 Nb8 20. Rfc1 Rc8 21. h3 Qf5
22. g4 Qg6 23. Nc4 Bc7 24. Bxd5 exd5 25. Nb2 f5 26. Nd3 fxg4 27. hxg4 Nd7 0-1

[Event "Torneo A"]
[Site "Locri ITA"]
[Date "2014.04.16"]
[Round "1"]
[White "Fracasso Pezzolato, Michele"]
[Black "Valguarnera, Girolamo"]
[WhiteElo "1830"]
[BlackElo "2068"]
[Result "0-1"]
[PlyCount "66"]
[EventDate "2014.04.16"]

1. e4 c5 2. Nf3 Nc6 3. b3 e5 4. Bb2 d6 5. Nc3 Nf6 6. Bc4 Be7 7. h3 O-O 8. d3
Bd7 9. O-O a6 10. a4 Rc8 11. Nd5 Nxd5 12. Bxd5 Qc7 13. Nd2 Nb4 14. f4 Nxd5 15.
exd5 exf4 16. Rxf4 f5 17. Rf1 Rce8 18. Nf3 Qd8 19. Qd2 f4 20. Rae1 Bf6 21. Bxf6
Qxf6 22. Rxe8 Bxe8 23. c4 Bd7 24. d4 b6 25. Re1 g5 26. a5 bxa5 27. dxc5 dxc5
28. d6 Bc6 29. Re7 Rd8 30. Qd3 Qxe7 31. dxe7 Rxd3 32. Ne5 Rd1+ 33. Kf2 Be8 0-1

[Event "Torneo A"]
[Site "Locri ITA"]
[Date "2014.04.16"]
[Round "1"]
[White "Guccione, Cristoforo"]
[Black "Arnetta, Maria Teresa"]
[WhiteElo "1800"]
[BlackElo "1998"]
[Result "0-1"]
[PlyCount "68"]
[EventDate "2014.04.16"]

1. c4 e5 2. g3 Nc6 3. Nc3 Nf6 4. Bg2 Bc5 5. Nf3 d6 6. O-O a6 7. a3 Ba7 8. d3 h6
9. b4 O-O 10. Bb2 Be6 11. h3 Nh5 12. e3 f5 13. Nd5 Nf6 14. Nxf6+ Qxf6 15. Rc1
Qf7 16. d4 Bxc4 17. dxe5 Bxf1 18. Ng5 Qe7 19. Bd5+ Kh8 20. Ne6 dxe5 21. Nxf8
Rxf8 22. Bxc6 Bxh3 23. Bxb7 Bg4 24. Qd5 f4 25. Qxe5 Qxe5 26. Bxe5 fxe3 27. f3
Bxf3 28. Bxf3 Rxf3 29. Re1 e2+ 30. Kg2 Rf2+ 31. Kh3 Be3 32. Bc3 Kh7 33. g4 Bf4
34. g5 h5 0-1

[Event "Torneo A"]
[Site "Locri ITA"]
[Date "2014.04.16"]
[Round "1"]
[White "Laketic, Gojko"]
[Black "Familari, Giuseppe"]
[WhiteElo "2428"]
[BlackElo "1971"]
[Result "1-0"]
[PlyCount "101"]
[EventDate "2014.04.16"]

1. d4 d5 2. c4 c6 3. Nf3 Nf6 4. e3 g6 5. Nc3 Bg7 6. cxd5 cxd5 7. Bb5+ Nc6 8.
Ne5 Bd7 9. Qa4 Qc7 10. Bxc6 Bxc6 11. Nxc6 bxc6 12. Bd2 O-O 13. Rc1 Qb6 14. Qa3
Rfe8 15. O-O Nd7 16. Na4 Qa6 17. b3 Rac8 18. Bb4 Bf8 19. Rc2 e6 20. Bxf8 Rxf8
21. Rfc1 Rc7 22. Qd6 Rfc8 23. h4 h5 24. g3 Kg7 25. Kg2 Kg8 26. Kg1 Kg7 27. Rc3
Qb5 28. R1c2 a5 29. Kg2 Qb4 30. Qf4 Qb5 31. e4 dxe4 32. Qxe4 Nf6 33. Qe5 Qd5+
34. Kg1 Qxe5 35. dxe5 Nd5 36. Rc4 Nb4 37. Rd2 Re8 38. Nc3 Ree7 39. Rd6 Nd5 40.
Rdxc6 Rxc6 41. Rxc6 Nb4 42. Rc5 Nd3 43. Rb5 Rc7 44. Ne4 Rc1+ 45. Kg2 Ne1+ 46.
Kh3 Nd3 47. Rxa5 Re1 48. f3 Re2 49. a4 Ne1 50. Ng5 Rf2 51. Ra7 1-0

[Event "Torneo A"]
[Site "Locri ITA"]
[Date "2014.04.16"]
[Round "1"]
[White "Ljubisavljevic, Zivojin Z."]
[Black "Iannello, Andrea"]
[WhiteElo "2132"]
[BlackElo "1876"]
[Result "1/2-1/2"]
[PlyCount "88"]
[EventDate "2014.04.16"]

1. c4 Nf6 2. Nc3 e6 3. e4 c5 4. f4 d6 5. Nf3 Nc6 6. d3 Be7 7. Be2 Nd4 8. O-O
O-O 9. h3 d5 10. cxd5 exd5 11. e5 Nxe2+ 12. Nxe2 Ne8 13. Ng3 f6 14. Qe2 fxe5
15. Nxe5 Nd6 16. Bd2 Bf6 17. Kh2 Nf5 18. Nxf5 Bxf5 19. g4 Bxe5 20. fxe5 Be6 21.
d4 b6 22. Bc3 Qe7 23. Qd2 cxd4 24. Bxd4 Rac8 25. Be3 Qc7 26. Bf4 Qc2 27. Kg3
Qxd2 28. Bxd2 Rc4 29. a3 a5 30. Be3 b5 31. Bb6 a4 32. Ba5 Rxf1 33. Rxf1 Re4 34.
Bb4 Bf7 35. Bd6 h6 36. Rc1 Rc4 37. Re1 Re4 38. Rxe4 dxe4 39. Kf4 Bd5 40. Ke3
Kf7 41. Kd4 Bc4 42. Kxe4 g6 43. h4 h5 44. Kf4 Be2 1/2-1/2

[Event "Torneo A"]
[Site "Locri ITA"]
[Date "2014.04.16"]
[Round "1"]
[White "Luvera', Filippo"]
[Black "Voiska, Margarita"]
[WhiteElo "1895"]
[BlackElo "2288"]
[Result "0-1"]
[PlyCount "100"]
[EventDate "2014.04.16"]

1. e4 g6 2. d4 Bg7 3. Nf3 c6 4. Nc3 d5 5. Be2 Bg4 6. h3 Bxf3 7. Bxf3 dxe4 8.
Nxe4 Bxd4 9. c3 Bg7 10. Qxd8+ Kxd8 11. O-O Nd7 12. Rd1 Kc8 13. Ng5 Ne5 14. Be2
h6 15. Ne4 Nf6 16. Nxf6 Bxf6 17. Be3 h5 18. Rd2 Rd8 19. Rad1 Rxd2 20. Rxd2 Kc7
21. g3 a5 22. Kg2 a4 23. a3 b5 24. f4 Nc4 25. Bxc4 bxc4 26. Kf3 Rb8 27. g4 Rb5
28. Ke4 e6 29. g5 Bg7 30. Bd4 Bxd4 31. Rxd4 Rxb2 32. Rxc4 Re2+ 33. Kf3 Rh2 34.
Kg3 Rc2 35. h4 Kd6 36. Rxa4 Rxc3+ 37. Kg2 e5 38. Ra7 exf4 39. Rxf7 Ke5 40. Rf6
Rc2+ 41. Kf3 Ra2 42. Rxc6 Rxa3+ 43. Kg2 Kf5 44. Rf6+ Kg4 45. Rxg6 Ra2+ 46. Kf1
f3 47. Rf6 Kg3 48. Ke1 f2+ 49. Kf1 Ra1+ 50. Ke2 Re1+ 0-1

[Event "Torneo A"]
[Site "Locri ITA"]
[Date "2014.04.16"]
[Round "1"]
[White "Mrdja, Milan"]
[Black "Carbone, Edoardo"]
[WhiteElo "2378"]
[BlackElo "1901"]
[Result "1-0"]
[PlyCount "63"]
[EventDate "2014.04.16"]

1. e4 c5 2. Nf3 e6 3. d4 cxd4 4. Nxd4 a6 5. Nc3 d6 6. g3 Nf6 7. Bg2 Be7 8. O-O
O-O 9. f4 Qc7 10. g4 Nc6 11. Nb3 d5 12. exd5 Nxd5 13. Nxd5 exd5 14. f5 Bd6 15.
h3 d4 16. f6 g6 17. Kh1 Be6 18. Nxd4 Nxd4 19. Qxd4 Rfd8 20. c3 Bc5 21. Qf4 Bd6
22. Qe4 Bc4 23. Rd1 Rab8 24. Rxd6 Qxd6 25. Bf4 Qe6 26. Bxb8 Rxb8 27. b3 Qxe4
28. Bxe4 Be6 29. Rd1 Kf8 30. Rd6 Ke8 31. Kg2 a5 32. c4 1-0